000 00769nam a2200193Ii 4500
003 JO-AjNU
008 230605s9999||||xx |||||||||||||| ||und||
040 _aJO-AjNU
_bara
_erda
_cJO-AjNU
041 _aara
050 1 4 _aPJ7507.M9264 2012
100 3 _aتاليف موافي،عثمان,
_eauthor
_934042
245 0 0 _aفي نظرية الأدب من قضايا الشعر والنثر في النقد العربي القديم، ج1
264 3 1 _aالقاهرة: دار المعرفة الجامعية، 2012
300 _aج1، 228ص
336 _atext
_btxt
_2rdacontent
337 _aunmediated
_bn
_2rdamedia
338 _avolume
_bnc
_2rdacarrier
650 4 _aنظرية الأدب -قضايا الشعر-النثر-النقد العربي القديم
_934043
999 _aA13916
_c17484
_d17484